-
FLORENCE, AIEXANDER T. AND SIEPMANN ,JUERGEN
Entry Personal Name
Number of records used in: 1
001 - CONTROL NUMBER
003 - CONTROL NUMBER IDENTIFIER
005 - DATE AND TIME OF LATEST TRANSACTION
- control field:
20230128123405.0
008 - FIXED-LENGTH DATA ELEMENTS
- fixed length control field:
230128|| aca||aabn | a|a d
040 ## - CATALOGING SOURCE
- Original cataloging agency:
OSt
- Transcribing agency:
OSt
100 ## - HEADING--PERSONAL NAME
- Personal name:
FLORENCE, AIEXANDER T. AND SIEPMANN ,JUERGEN
670 ## - SOURCE DATA FOUND
- Source citation:
Work cat.: (OSt)8223: FLORENCE, AIEXANDER T. AND SIEPMANN ,JUERGEN, APPLICATION AND ADVANCES VOL-2